Normal view
MARC view
Entry Personal Name
001 - CONTROL NUMBER
- control field: 28424
003 - CONTROL NUMBER IDENTIFIER
- control field: dpl
005 - DATE AND TIME OF LATEST TRANSACTION
- control field: 20110603154929.0
008 - FIXED-LENGTH DATA ELEMENTS
- fixed length control field: 110603|||a|||||| | ||| d
040 ## - CATALOGING SOURCE
- Original cataloging agency: dpl
- Transcribing agency: dpl
100 ## - HEADING--PERSONAL NAME
- Personal name: Nilendra Kumar
670 ## - SOURCE DATA FOUND
- Source citation: Work cat.: (dpl)42362: Nilendra Kumar, The armed forces tribunal law /, 2010
670 ## - SOURCE DATA FOUND
- Source citation: Work cat.: (dpl)42362: Nilendra Kumar, The armed forces tribunal law /, 2010
